00303nam a2200133Ia 4500008004100000100001800041245002600059260001200085260000900097300000800106546001200114690002600126999001700152170620s9999 xx 000 0 und d aNADKARNI-A.K. 0aINDIAN MATERIA MEDICA bPOPULAR c2005 a968 aEnglish aINDIAN MATERIA MEDICA c30679d30679